| 000 -LEADER | |
|---|---|
| fixed length control field | 00417nam a22001697a 4500 |
| 005 - DATE AND TIME OF LATEST TRANSACTION | |
| control field | 20211005151644.0 |
| 008 - FIXED-LENGTH DATA ELEMENTS--GENERAL INFORMATION | |
| fixed length control field | 160701b xxu||||| |||| 00| 0 eng d |
| 020 ## - INTERNATIONAL STANDARD BOOK NUMBER | |
| ISBN | 978-0-07-014000-4 |
| 041 ## - LANGUAGE CODE | |
| Language code of text/sound track or separate title | eng |
| 082 ## - DEWEY DECIMAL CLASSIFICATION NUMBER | |
| Item number | 20201 |
| 100 ## - MAIN ENTRY--AUTHOR NAME | |
| Personal name | Bewoor anand k and kulkarni |
| 245 ## - TITLE STATEMENT | |
| Title | Metrology & measurements |
| 260 ## - PUBLICATION, DISTRIBUTION, ETC. (IMPRINT) | |
| Name of publisher | Mc graw Hill |
| Year of publication | 2014 |
| 300 ## - PHYSICAL DESCRIPTION | |
| Number of Pages | 553 |
| 650 ## - SUBJECT ADDED ENTRY--TOPICAL TERM | |
| Topical Term | Diploma Engineering |
| 942 ## - ADDED ENTRY ELEMENTS (KOHA) | |
| Koha item type | Books |
| Lost status | Damaged status | Home library | Current library | Shelving location | Date acquired | Cost, normal purchase price | Full call number | Accession Number | Koha item type | Collection code |
|---|---|---|---|---|---|---|---|---|---|---|
| JRU Library | SHELF-47-L | 01/07/2016 | 630.00 | 20201 | 20201 | Books | ||||
| JRU Library | JRU Library | SHELF-59-B | 01/07/2016 | 630.00 | 20201 | 20202 | Books | MINING | ||
| JRU Library | JRU Library | SHELF-59-B | 01/07/2016 | 630.00 | 20201 | 20203 | Books | MINING | ||
| JRU Library | JRU Library | SHELF-59-B | 01/07/2016 | 630.00 | 20201 | 20204 | Books | MINING | ||
| JRU Library | SHELF-47-L | 01/07/2016 | 630.00 | 20201 | 20205 | Books | ||||
| JRU Library | SHELF-47-L | 01/07/2016 | 630.00 | 20201 | 20206 | Books | ||||
| JRU Library | JRU Library | SHELF-59-B | 01/07/2016 | 630.00 | 20201 | 20207 | Books | MINING | ||
| JRU Library | JRU Library | SHELF-59-B | 01/07/2016 | 630.00 | 20201 | 20208 | Books | MINING | ||
| JRU Library | SHELF-47-L | 01/07/2016 | 630.00 | 20201 | 20209 | Books | ||||
| JRU Library | SHELF-47-L | 01/07/2016 | 630.00 | 20201 | 20210 | Books |